000 00930nac a22002051u 4500
010 _a 96020991
020 _a0812924398 (alk. paper)
082 0 0 _a338.5
_bG7671
090 _c2197
_d2197
100 _aGrant, James,
245 1 4 _aThe trouble with prosperity :
_bthe loss of fear, the rise of speculation, and the risk to American savings /
_cJames Grant.
260 _aNew York :
_bTimes Books,1996
_c1996.
300 _axv, 348 p. ;
_c25 cm.
504 _aIncludes bibliographical references (p. 317-326) and index.
650 0 _aBusiness cycles
_zUnited States
_xHistory
_y20th century.
651 0 _aUnited States
_xEconomic conditions.
856 4 2 _3Publisher description
_uhttp://www.loc.gov/catdir/description/random0410/96020991.html
942 _cBB
_k338.5 G7671
999 _c2197
_d2197